000 00547nam a2200181Ia 4500
003 GCL
008 140319s9999 xx 000 0 ara d
040 _aGCL /
_cGCL
082 0 4 _a796.92
_bا ر
100 1 _aالسيد فرج
245 1 0 _aرواد الرياضة فى مصر /
_cالسيد فرج
260 _aالقاهرة :
_bمركز الاهرام للترجمة والنشر ،
_c1988
300 _a207 ص ؛
_c24 سم
490 _a
650 0 4 _aالالعاب الرياضية
650 0 4 _aالرياضيون
942 _2ddc
_cBK
999 _c31307
_d31307